000 01418nam a2200277Ia 4500
999 _c34487
_d34487
001 236
003 GE_BSU
005 20200203173446.0
008 181216s2009||||ge |||||||||||||| ||geo||
020 _a9789994087518
040 _cGE_BSU
041 _ageo
080 _a338(479.22) ა-87
100 _aასათიანი, როზეტა
_9690
245 _aსაქართველოს ეკონომიკა :
_bახალი ეპოქა. თეორია, პრაქტიკა, ანალიზი ნ.1. /
_cროზეტა ასათიანი ; სარედ. კოლ.: ავთანდილ სილაგაძე და სხვ.
264 _aთბილისი :
_bსიახლე,
_c2009.
300 _a240 გვ.:
_c20 სმ.
504 _a ბიბლიოგრ. ტექსტ. შენიშვნ. და თავების ბოლოს.
653 _aეკონომიკა
700 _aსილაგაძე, ავთანდილ
_94606
700 _aმესხია, იაკობ
_96742
700 _aჭითანავა, ნოდარ
_9802
700 _aჯიბუტი, მიხეილ და სხვ.
_eრედაქტორი
_96743
856 _uhttp://dspace.nplg.gov.ge/bitstream/1234/15714/1/Saqartvelos_Ekonomika.pdf
_yელ. ვერსია. pdf
942 _cBK
_2udc